00551nam a2200193 a 4500001000400000003000900004008004100013040002800054082001600082100004000098245002800138260004400166300001400210490001600224500006100240650002700301942001200328999001700340763CO-ViMGA141112s2004 ck r 000 u spa d aCO-ViMGAbspacCO-ViMGA a863.3 C378t1 aCervantes Saavedra, Miguel de9398610aTres novelas ejemplares aSantafé de Bogotá : bNorma, c1996 a188, 79 p aCara y cruz aEncuadernado con A propósito de Cervantes y su obra. 14aNOVELA ESPAÑOLA9488 2ddccBK c11290d11290